Musique - Les artistes qui ont percé en 2024 - Statistiques

Statistiques générales
  • Ce quiz a été pris 181 fois
  • Le résultat moyen est 8 sur 18
Statistiques - réponses
Chansons indices Artiste % Correct
Ceux qu'on était, Chaque seconde Pierre Garnier
79%
Espresso, Taste Sabrina Carpenter
77%
Summer Body, Mauvais garçon Héléna
69%
APT., number one girl Rosé
63%
Beautiful Things, Slow It Down Benson Boone
59%
Petit génie, T'étais où ? Jungeli
52%
La symphonie des éclairs, Modern Love Zaho de Sagazan
50%
Imagine, Tout va changer Carbonne
44%
HOT TO GO!, GOOD LUCK BABE! Chappell Roan
42%
Water, Jump Tyla
41%
Lose Control, The Door Teddy Swims
40%
Parapluie, Sans Toi Jeck
34%
Silverlines, Born With A Broken Heart Damiano David
26%
MASCULINITY, HAPPIER ON MY OWN Lucky Love
25%
A Bar Song, Last Of My Kind Shaboozey
18%
Stargazing, River Myles Smith
16%
Close To You, us. Gracie Abrams
12%
Ma chérie, Vice Versa Stéphane
7%
Aucun quiz correspondant
Distribution des résultats
% des personnes avec chaque résultat
Percentile par nombre de réponses
Votre historique - résultats
Vous n’avez pas pris ce quiz